00422nam a2200157Ia 4500003000400000008004100004040001600045082001300061100001800074245006900092260004400161300001000205650001500215650001200230650002200242GCL140319s9999 xx 000 0 eng d aGCL / cGCL04a843bC G1 aCONIO, GERARD10a25 GRANDS ROMANS FRANCAIS RESUMES ET COMMENTES / cCONIO, GERARD a[S.N] : bMARABOUT UNIVERSITE ، c1990 a542 P04aLITERATURE04aFICTION04aFRENCH LITERATURE